02443nam a2200301Ia 4500952011300000952011600113952011200229952011200341952011200453952011200565952010500677952010500782999001700887008004100904020001500945050002400960082002300984100004101007245011201048250001801160260004501178300004201223500004701265505070601312519008302018650003302101942000702134 00104070a22b22d2009-12-28l43o972 D352H V.2 2007p01 011883r2019-07-25s2019-07-25t1w2012-06-24yLB 00104070a22b22d2010-09-20l13m2o972 D352H V.2 2007p01 012334r2019-02-26s2019-02-20t2w2012-06-24yLB 00104070a22b22d2011-02-19l2o972 D352H V.2 2007p01 012526r2018-02-19s2018-02-19t3w2012-06-24yLB 00104070a22b01d2011-02-19l2o972 D352H V.2 2007p01 012527r2024-01-24s2024-01-20t4w2012-06-24yLB 00104070a11b11d2010-01-15l7oF1226 D45 V.2 2007p11 008157r2026-02-09s2026-02-04t1w2012-06-26yLB 00104070a11b11d2014-05-08l2oF1226 D45 V.2 2007p11 009922r2024-10-02s2024-10-02t2w2014-05-08yLB 00102lcc4070a01b01d2022-10-03l0oF1226 D45 v.2 2007p16 002256r2023-07-12t1w2022-10-03yLB 00102lcc4070a01b01d2022-10-03l0oF1226 D45 v.2 2007p16 002257r2023-07-12t2w2022-10-03yLB c61078d61078120622s2007 mx a 000 0 spa d a9702609569 aF1226bD45 v.2 2007 a972 D352h v.2 2007 aDelgado de Cantú, Gloria M.dautor aHistoria de México II b: de la era revolucionaria al sexenio del cambioc / Gloria M. Delgado de Cantú a5a. edición aMéxico b: Pearson Educaciónc, 2007 axxiii, 623 páginasb: ilustraciones aIncluye: Introducción (pp. xxi - xxiii), aLa Revolución Mexicana: lucha contra el antiguo régimen La Revolución Mexicana: constitucionalismo Los gobiernos de la Revolución. El grupo sonorense en el poder (1920 - 1928) Los gobiernos de la Revolución. El maximato Los gobiernos de la Revolución. El cardenismo, consolidación de las instituciones Los gobiernos de la Revolución. Unidad Nacional y civilismo (1940 -1952) Los sexenios de desarrollo estabilizador (1952 - 1970) Del desarrollo estabilizador al desarrollo compartido (1970 - 1976) Los sexenios de la crisis (1976 - 1988) El sexenio salinista: Modernidad y turbulencia (1988 - 1994) Del fin de la era priista al gobierno del cambio (1994 - 2006)  aPlan UNAM / bPreparatoria / cHistoria de México II (1504) d/ (11 009922)  0aMÉXICOxHISTORIAySIGLO XX cLB